LEADER 01525oam 2200397 450 001 9910703732903321 005 20150630090155.0 035 $a(CKB)5470000002434394 035 $a(OCoLC)912398718 035 $a(OCoLC)995470000002434394 035 $a(EXLCZ)995470000002434394 100 $a20150630d2015 ua 0 101 0 $aeng 135 $aurmn||||||||| 181 $2rdacontent 182 $2rdamedia 183 $2rdacarrier 200 10$aEPA regions have considered environmental justice when targeting facilities for air toxics inspections /$fU.S. Environmental Protection Agency, Office of the Inspector General 210 1$a[Washington, D.C.] :$cU.S. Environmental Protection Agency, Office of Inspector General,$d2015. 215 $a1 online resource (12 pages) $ccolor map 225 1 $aReport ;$v15-P-0101 300 $aTitle from title screen (viewed June 29, 2015). 300 $a"February 26, 2015." 517 3 $aEnvironmental Protection Agency regions have considered environmental justice when targeting facilities for air toxics inspections 517 1 $aAir quality 606 $aEnvironmental justice$zUnited States 606 $aAir$xPollution$zUnited States 615 0$aEnvironmental justice 615 0$aAir$xPollution 801 0$bGPO 801 1$bGPO 801 2$bGPO 906 $aBOOK 912 $a9910703732903321 996 $aEPA regions have considered environmental justice when targeting facilities for air toxics inspections$93164818 997 $aUNINA LEADER 03704nam 22005173 450 001 9910888074803321 005 20251116150251.0 010 $a9783428573899 010 $a3428573897 035 $a(CKB)5690000000011519 035 $a(MiAaPQ)EBC7101324 035 $a(Au-PeEL)EBL7101324 035 $a(OCoLC)1347028491 035 $a(Exl-AI)7101324 035 $a(EXLCZ)995690000000011519 100 $a20221219d2022 uy 0 101 0 $ager 135 $aurcnu|||||||| 181 $ctxt$2rdacontent 182 $cc$2rdamedia 183 $acr$2rdacarrier 200 14$aDie Gemeindebetriebe der Stadt Freiburg Im Breisgau $eGemeindebetriebe - Neuere Versuche und Erfahrungen über Die Ausdehnung der Kommunalen Tätigkeit in Deutschland und Im Ausland. II. Band, 5. Teil. Im Auftr. des Ver. Für Socialpol. Hrsg. Von Carl J. Fuchs. (Schriften des Vereins Für Socialpolitik 129-V) 205 $a1st ed. 210 1$aBerlin :$cDuncker & Humblot,$d2022. 210 4$d©1909. 215 $a1 online resource (107 pages) 225 1 $aDuncker & Humblot reprints 311 08$a9783428173891 311 08$a3428173899 327 $aInhaltsverzeichnis -- Erstes Kapitel. Die Gemeindebetriebe der Stadt Freiburg im Breisgau -- 1. Licht-, Kraft- und Wärmeversorgungsanstalten -- a) Die Gasanstalt -- b) Das Elektrizitätswerk -- c) Die öffentliche Beleuchtung -- 2. Die Wasserversorgung -- 3. Die Straßenbahn -- 4. Markt-, Lager-, Wag- und Eichanstalten -- 5. Der Schlacht- und Viehhof -- 6. Die Sparkasse -- 7. Das Leihhaus -- 8. Schwimm- und Badeanstalten -- a) Das Schwimmbad -- b) Das Volksbad im Stühlinger Schulhaus -- 9. Die Gemeindezeitung -- 10. Die Plakatanstalt -- 11. Die städtische Forstwirtschaft -- 12. Das Stadttheater und -Orchester -- 13. Der städtische Wohnungsbau -- 14. Erstellung von Militärbauten durch die Stadt -- 15. Das städtische Begräbniswesen -- 16. Die Stadtgärtnerei -- 17. Die Holzzerkleinerungsanlagen -- 18. Anstalten und Einrichtungen für die Stadtreinigung -- a) Straßenunterhaltung und Kanalisation -- b) Die Abfuhranstalt -- c) Das Rieselgut -- 19. Das öffentliche Untersuchungsamt und die städtische Desinfektionsanstalt -- 20. Der städtische Krankentransportwagen$7Generated by AI. 330 $aThis book, authored by Joseph Ehrler and published in 1909, delves into the various public utilities and municipal enterprises of the city of Freiburg im Breisgau, Germany. It provides a detailed account of the city's gasworks, public transport systems, and other municipal services and infrastructures at the time. The text examines the economic and operational aspects of these services, highlighting their financial implications and impact on the city's development. It is intended for an audience interested in municipal governance, urban development, and economic policy, particularly in the context of early 20th-century Germany. The book serves as a scholarly resource for understanding the role of municipal enterprises in the economic and social life of a city.$7Generated by AI. 410 0$aDuncker & Humblot reprints 517 $aGemeindebetriebe der Stadt Freiburg im Breisgau 606 $aPublic utilities$7Generated by AI 606 $aMunicipal services$7Generated by AI 615 0$aPublic utilities 615 0$aMunicipal services 700 $aFuchs$b Carl Johannes$0148514 701 $aEhrler$b Joseph$01769603 801 0$bMiAaPQ 801 1$bMiAaPQ 801 2$bMiAaPQ 906 $aBOOK 912 $a9910888074803321 996 $aDie Gemeindebetriebe der Stadt Freiburg im Breisgau$94241379 997 $aUNINA